000 00626nam a22002650a 4500
001 UByD000429
003 AR-LpoUNG
005 20220506182244.0
008 220506s2020||||ag |||||||||||||||||spa d
020 _a9789878676142
040 _aAR-LpoUNG
_bspa
_cAR-LpoUNG
_eaacr
041 0 _aspa
044 _aag
082 0 _aA863 22mad
100 1 _aKawior, Edgardo
245 1 3 _aLa madre jodida
250 _a1ra. ed.
260 _aBuenos Aires :
_bEdgardo Joel Kawior,
_c2020.
300 _a224 p.
650 4 _aARGENTINA
650 4 _aLITERATURA
650 4 _aNOVELAS
905 _a40497
942 _cLIB
_2ddc
999 _c63114
_d63114